Sydow-Wagners methodischer Schul-Atlas entwofen / (Record no. 141798)
[ view plain ]
| 000 -LEADER | |
|---|---|
| campo de control de longitud fija | 00485nam a2200157 i 4500 |
| 001 - NÚMERO DE CONTROL | |
| campo de control | 141798 |
| 003 - IDENTIFICADOR DE NÚMERO DE CONTROL | |
| campo de control | ES-MaACL |
| 007 - CAMPO FIJO DE DESCRIPCIÓN FÍSICA--INFORMACIÓN GENERAL | |
| campo de control de longitud fija | t| |
| 008 - DATOS DE LONGITUD FIJA--INFORMACIÓN GENERAL | |
| campo de control de longitud fija | 070928s1910 gw ||||1| ger d |
| 100 1# - ENTRADA PRINCIPAL--NOMBRE DE PERSONA | |
| Nombre de persona | Wagner, Hermann. |
| 9 (RLIN) | 115843 |
| 245 10 - MENCIÓN DEL TÍTULO | |
| Título | Sydow-Wagners methodischer Schul-Atlas entwofen / |
| Mención de responsabilidad, etc. | bearbeitef und herausgegeben Hermann Wagner. |
| 260 ## - PUBLICACIÓN, DISTRIBUCIÓN, ETC. | |
| Lugar de publicación, distribución, etc. | Gotha : |
| Nombre del editor, distribuidor, etc. | Justus Perthes, |
| Fecha de publicación, distribución, etc. | 1910. |
| 300 ## - DESCRIPCIÓN FÍSICA | |
| Extensión | 4 h., 44 mapas ; |
| Dimensiones | 31 cm. |
| 700 1# - ENTRADA AGREGADA--NOMBRE PERSONAL | |
| Nombre de persona | Sydow, Emil von. |
| 9 (RLIN) | 108957 |
| 852 ## - LOCALIZACIÓN | |
| Ubicación | ES-MaACL |
| Número de control de estantería | B-2123 |
| Estatus retirado | Estado de pérdida | Estado de daño | No para préstamo | Biblioteca de origen | Biblioteca actual | Ubicación en estantería | Fecha de adquisición | Fuente de adquisición | Total de préstamos | Signatura topográfica completa | Código de barras | Visto por última vez | Precio de reemplazo | Tipo de ítem Koha |
|---|---|---|---|---|---|---|---|---|---|---|---|---|---|---|
| Biblioteca del Ateneo de Madrid | Biblioteca del Ateneo de Madrid | Sala Pardo Bazán | 17/01/2008 | B-2123 | 1147542 | 23/02/2023 | 23/02/2023 | Libro impreso |
